[Event "DSOL 08 Liga Gr-B 1st"]
[Site "Playchess.com INT"]
[Date "2020.07.10"]
[Round "3.3"]
[White "Schween, Michael"]
[Black "Stenzel, Julian"]
[Result "0-1"]
[WhiteElo "946"]
[BlackElo "818"]
[PlyCount "116"]
[EventDate "2020.06.22"]
[EventType "team-tourn (rapid)"]
[EventCountry "GER"]
[SourceTitle "EXT 2021"]
[Source "ChessBase"]
[SourceDate "2020.10.23"]
[SourceVersion "1"]
[SourceVersionDate "2020.10.23"]
[SourceQuality "1"]
[WhiteTeam "Gross Gerau II"]
[BlackTeam "Niederkassel III"]
[WhiteTeamCountry "GER"]
[BlackTeamCountry "GER"]

1. c4 e5 2. Nc3 Nf6 3. g3 Nc6 4. Bg2 Bb4 5. e3 0-0 6. Nge2 d6 7. h3 Bf5 8. 0-0 Bxc3 9. bxc3 Bd3 10. Ba3 Bxc4 11. f4 exf4 12. Rxf4 Be6 13. Nd4 Qd7 14. Bxc6 bxc6 15. Qc2 Bxh3 16. Rb1 Rab8 17. Rh4 c5 18. Nf3 Bf5 19. d3 c4 20. Ne5 Rxb1+ 21. Qxb1 Qa4 22. Nxc4 Be6 23. Qb7 Qd1+ 24. Kf2 Qxd3 25. Qxc7 Qxc3 26. Qxd6 Nd7 27. Re4 Bxc4 28. Re7 Qf6+ 29. Qxf6 Nxf6 30. Rxa7 Bxa2 31. Bxf8 Kxf8 32. e4 Be6 33. e5 Ne4+ 34. Kf3 Ng5+ 35. Kf4 h6 36. g4 g6 37. Kg3 f5 38. gxf5 Bxf5 39. e6 Nxe6 40. Ra6 Kf7 41. Ra7+ Kf6 42. Rh7 h5 43. Kh4 Nf4 44. Rh8 g5+ 45. Kg3 Bg4 46. Rf8+ Kg6 47. Rg8+ Kh6 48. Ra8 Bf5 49. Ra5 h4+ 50. Kh2 Be4 51. Ra4 Bd5 52. Rb4 Kh5 53. Rb5 Kg4 54. Rb1 Kf3 55. Rf1+ Ke2 56. Ra1 g4 57. Ra2+ Bxa2 58. Kg1 Kf3 0-1